000 00737nas a2200241 4500
001 BR7900430
003 BR-BrBNA
005 20231205083617.0
007 ta
008 230509b bl.|||p| |||| 00| 00por d
040 _aBR-BrBNA
_bpor
_cBiblioteca Nacional de Agricultura
041 _a(Pt)
072 _aL30
100 1 _aFavoretto, V.
100 1 _aPeixoto, A.M.
245 1 _aValor nutritivo do feno de labe labe (Dolichos lab lab L.)obtido em duas epocas
650 _aLABE-LABE
650 _aVALOR NUTRITIVO
650 _aFENO
773 0 _tRevista da Sociedade Brasileira de Zootecnia (Brazil)
_xISSN 0100-4859
_g(1978), v. 7(1) p. 158-174
_wBR7900430
909 _a202311
_bLúcia
_c55
_dLúcia Elande
942 _2AGRIS
_n0
_cANA
999 _c100030
_d100030